| 000 | 00330nam a22001337a 4500 | ||
|---|---|---|---|
| 020 | _a978-93-6213-605-3 | ||
| 082 |
_a160 _bBON/H |
||
| 100 | _aBOND, RUSKIN | ||
| 245 | _aHOW TO BE HAPPY | ||
| 246 |
_aHOW TO BE HAPPY _bHOW TO BE HAPPY |
||
| 260 |
_aINDIA _bHARPER COLLINS _c2024 |
||
| 650 | _aENGLISH MOTIVATIONAL BOOKS | ||
| 942 | _cBK | ||
| 999 |
_c8752 _d8752 |
||